Normal view
MARC view
Entry Personal Name
001 - CONTROL NUMBER
- control field: 40125
003 - CONTROL NUMBER IDENTIFIER
- control field: dpl
005 - DATE AND TIME OF LATEST TRANSACTION
- control field: 20120125104747.0
008 - FIXED-LENGTH DATA ELEMENTS
- fixed length control field: 120125|||a|||||| | ||| d
040 ## - CATALOGING SOURCE
- Original cataloging agency: dpl
- Transcribing agency: dpl
100 ## - HEADING--PERSONAL NAME
- Personal name: ओझा, एन.एन.
670 ## - SOURCE DATA FOUND
- Source citation: Work cat.: (dpl): सिविल सेवा मुख्य परीक्षा सामान्य अध्ययनः , 1993
670 ## - SOURCE DATA FOUND
- Source citation: Work cat.: (dpl): सिविल सेवा मुख्य परीक्षा सामान्य अध्ययनः , 1993
